Women's Rugby World Cup 2021 - Participating Teams - Statistics

General Stats
  • This quiz has been taken 31 times
  • The average score is 11 of 12
Answer Stats
Hint Answer % Correct
Pool A Australia
100%
Pool A New Zealand
100%
Pool C England
96%
Pool C South Africa
96%
Pool B United States
96%
Pool B Canada
93%
Pool C France
89%
Pool A Scotland
89%
Pool B Italy
85%
Pool B Japan
85%
Pool A Wales
85%
Pool C Fiji
81%
No matching quizzes found
Score Distribution
Percent of People with Each Score
Percentile by Number Answered
Your Score History
You have not taken this quiz